000 00892nam a2200217Ia 4500
008 130821s1995 ck gr spa
040 _aCo-BoUCM
_bspa
041 0 0 _aspa
100 1 _aAlturo Garcia, Sandra
_9162366
245 1 4 _aLas franquicias un estudio legal y contractual
_cSandra Alturo García, César Torrente Bayona, Héctor Rubén Galindo Vanegas
260 _aBogotá (Colombia)
_bCámara de Comercio de Bogotá
_c1995
300 _a171 páginas
490 _aSerie Biblioteca Cámara de Comercio de Bogotá
_v66.
650 0 4 _aDerecho comercial
_912717
650 0 4 _aPrivilegios e inmunidades
_xComercio minorista
_xLegislación
_922306
650 0 4 _aRegulación del comercio
_923370
700 1 _aGalindo Vanegas, He'ctor Rubén
_9162367
700 1 _aTorrente Bayona, César
_9162368
942 _cLIBRO
_a8
_e1
_mA469f
_2DEWEY
_h343.08
999 _c48073
_d48073